000 00684nam a2200205 4500
005 20231128142621.0
010 _aENG-138461
020 _a9788119042593
_c600.00
035 _aEN-121993
037 _bDBAD/PUB
082 _a332.10284
_2First
245 _aDigilalization of The Insurance Sector/
_cEdited By T.M Hemalatha and A Saravanakumar
250 _aFirst
260 _aTamil Nadu
_bShanlax Publications
_c2023
270 _a61, 66 T.P.K Main Road, Vasantha Nagar,Madurai
_bTamil Nadu
_e625003
300 _a242p.
_c24cm(pbk)
700 _a T.M Hemalatha
_eEditor
_959124
700 _aA Saravanakumar
_eEditor
_959125
942 _2ddc
_cEN
_h332.10284
_mDIG
999 _c199265
_d199265